Представление документа в формате RUSMARC

ПолеНазваниеЗначение
  Тип записи a
  Библиографический уровень m
001 Контрольный номер 097a7ba36ba04204a98817108c97df7b
005 Дата корректировки 20260415111607.1
010 Индекс ISBN __
a ISBN 978-5-16-016203-4
b Уточнения в пер.
b Уточнения print
010 Индекс ISBN __
a ISBN 978-5-16-108535-6
b Уточнения online
100 Данные общей обработки __
a Данные общей обработки 20260414d2023 m y0rusy028902 ca
101 Язык документа 0_
a Язык текста rus
102 Страна публикации __
a Страна публикации RU
105 Кодированные данные (монография) __
a Кодированные данные (монография) a j 000yy
181 Поле кодированных данных: вид содержания _0
a Код вида содержания (ISBD) i
182 Поле кодированных данных: тип средства _0
a Код типа средства (ISBD) n
200 Заглавие и сведения об ответственности 1_
a Заглавие Рукопашный бой в условиях ограниченного пространства
e Сведения, относящиеся к заглавию учебное пособие : [для руководителей занятий специальных подразделений МВД России, преподавателей и курсантов образовательных учреждений МВД России]
f Первые сведения об ответственности А. А. Тарасенко, П. Н. Войнов
203 Вид содержания и тип средства __
a Вид содержания Текст
c Тип средства непосредственный
210 Выходные данные 1_
a Место издания Москва
c Издательство ИНФРА-М
d Дата издания 2023
215 Физическое описание __
a Объем 176, [1] с.
c Иллюстрации/тип воспроизводства ил., табл., портр.
d Формат 22 см
225 Серия 2_
a Серия Военное образование
300 Общие примечания __
a Общие примечания Информация об авторах на 4-й с. обложки
320 Библиография __
a Библиография Библиография: с. 133-[150]
320 Библиография __
a Библиография Приложения: с. 151-[175]
330 Аннотация __
a Аннотация В учебном пособии предложена методика проведения занятий по рукопашному бою с личным составом специальных подразделений МВД России. Даны методические рекомендации, обеспечивающие самозащиту сотрудников ОВД в условиях ограниченного пространства и задержание правонарушителей, показаны особенности преподавания раздела «Рукопашный бой». Предназначено для руководителей занятий специальных подразделений МВД России, преподавателей и курсантов образовательных учреждений МВД России.
606 Тематические рубрики __
a Основная рубрика Физическая культура и спорт
2 Код системы nlr_sh
606 Тематические рубрики __
2 Код системы nlr_sh
a Основная рубрика Фехтование и рукопашный бой
610 Ключевые слова 0_
a Ключевые слова рукопашный бой
610 Ключевые слова 0_
a Ключевые слова боевые искусства
610 Ключевые слова 0_
a Ключевые слова обучение рукопашному бою
610 Ключевые слова 0_
a Ключевые слова техника рукопашного боя
610 Ключевые слова 0_
a Ключевые слова тактика боя
610 Ключевые слова 0_
a Ключевые слова система рукопашного боя
610 Ключевые слова 0_
a Ключевые слова рукопашные схватки
610 Ключевые слова 0_
a Ключевые слова ограниченное пространство
610 Ключевые слова 0_
a Ключевые слова боевые действия
610 Ключевые слова 0_
a Ключевые слова специальные подразделения
610 Ключевые слова 0_
a Ключевые слова служебно-боевая деятельность
686 Индексы других классификаций __
2 Код системы rubbks
a Классификационный индекс 75.716я73
700 Автор _1
a Фамилия Тарасенко
b Имя А. А.
g Полное личное имя Александр Алексеевич
4 Код отношения 070
701 Альтернативная интеллектуальная ответственность _1
a Фамилия Войнов
b Имя П. Н.
g Полное личное имя Павел Николаевич
4 Код отношения 070
801 Источник записи _0
b Организация Муниципальное бюджетное учреждение культуры "Централизованная библиотечная система" г. Сургут (Центральная городская библиотека им. А. С. Пушкина)
a Страна RU
c Дата составления 20260414
g Правила каталогизации PSBO
801 Источник записи _1
b Организация Муниципальное бюджетное учреждение культуры "Централизованная библиотечная система" г. Сургут (Центральная городская библиотека им. А. С. Пушкина)
a Страна RU
c Дата составления 20260414
g Правила каталогизации PSBO
852 Данные о местонахождении 5_
j Шифр хранения 75.716я73
i Авторский знак Т 19
901 Тип документа __
a Ответственный ООФиК/Губина
t Тип документа m
901 Тип документа __
a Ответственный без партии
903 Характеристики (МАРС) __
a Дата передачи 20260414
c Наименование библиотеки (МАРС) Муниципальное бюджетное учреждение культуры "Централизованная библиотечная система" г. Сургут (Центральная городская библиотека им. А. С. Пушкина)
969 Тип издания __
a Тип издания учебное пособие